ბათუმის შოთა რუსთაველის სახელმწიფო უნივერსიტეტის ბიბლიოთეკა

Общая и неорганическая химия (ბიბ.ჩანაწერი № 42869)

000 -LEADER
fixed length control field 00714nam a2200229Ia 4500
001 - CONTROL NUMBER
control field 9577
003 - CONTROL NUMBER IDENTIFIER
control field GE_BSU
008 - FIXED-LENGTH DATA ELEMENTS--GENERAL INFORMATION
fixed length control field 181216s||||||||xx |||||||||||||| ||und||
020 ## - INTERNATIONAL STANDARD BOOK NUMBER
International Standard Book Number 9785991618687
040 ## - CATALOGING SOURCE
Transcribing agency GE_BSU
080 ## - UNIVERSAL DECIMAL CLASSIFICATION NUMBER
Universal Decimal Classification number 54
100 ## - MAIN ENTRY--PERSONAL NAME
Personal name Бабкина,С.С. Росин,И.В....
245 ## - TITLE STATEMENT
Title Общая и неорганическая химия
245 ## - TITLE STATEMENT
Remainder of title Лабораторный практикум.Учебное пособие для бокалавров и специалистов
260 ## - PUBLICATION, DISTRIBUTION, ETC.
Place of publication, distribution, etc. Москва
260 ## - PUBLICATION, DISTRIBUTION, ETC.
Name of publisher, distributor, etc. Юрайт
260 ## - PUBLICATION, DISTRIBUTION, ETC.
Date of publication, distribution, etc. 2012
300 ## - PHYSICAL DESCRIPTION
Extent 481стр.20см.
653 ## - INDEX TERM--UNCONTROLLED
Uncontrolled term Общая и неорганическая химия
942 ## - ADDED ENTRY ELEMENTS (KOHA)
Koha item type წიგნი
ეგზემპლარები
Withdrawn status Lost status Damaged status Not for loan Date acquired Barcode Date last seen Price effective from Koha item type
        2018-12-17 32674 2018-12-17 2018-12-17 წიგნი
        2018-12-17 32675 2018-12-17 2018-12-17 წიგნი